| 000 | nam a22 a 4500 | ||
|---|---|---|---|
| 999 |
_c2895 _d2895 |
||
| 005 | 20170518150527.0 | ||
| 008 | 170518b2000 -uk||||| |||| 00| 0 eng d | ||
| 020 |
_a0751309850 (pbk) : _c£4.99 |
||
| 040 | _aAKMAL | ||
| 082 | 0 | 4 | _a652.5 MOS |
| 090 |
_a652.5 _bMOS |
||
| 100 | 1 |
_aMostafa, Joshua. _96083 |
|
| 245 | 1 | 0 |
_aLetters & mailing _cJoshua Mostafa |
| 260 |
_aLondon : _bDorling Kindersley, _c2000 |
||
| 300 |
_a72p. : _bill. ; _c18cm |
||
| 490 | 1 | _aEssential computers : word processing | |
| 650 | 0 |
_aWord processing. _95945 |
|
| 650 | 0 |
_aElectronic mail systems. _9771 |
|
| 852 | 4 | 1 |
_aBritish Library _bHMNTS |
| 942 |
_2ddc _cBOOK |
||